000
00234nam a22000977a 4500
999
_c
11390
_d
11390
008
190404b ||||| |||| 00| 0 eng d
020
_a
9780713653588
100
_a
English Volleyball
_9
7122
245
_a
Volleyball
260
_a
London
_b
A&C